1579 1818 1807 1356 1757 1427 1764 1484 1858 1989 1196 1401 1657 1489 1030 1290 1368 1975 1790 1001 1965 1943 1211 1164 1647 1888 1137 1746 1866 1054 1671 1506 1452 1214 1811 1789 1645 1503 1156 1925 1821 1648 1100 1753 1628 1863 1152 1338 1849 1847 1768 1435 1365 1269 1606 1326 1004 1384 1368 1071 1945 1296 1302 1701 1186 1812 1182 1368 1184 1070 1830 1216 1371 1940 1738 1737 1945 1778 1667 1398 1026 1808 1456 1758 1813 1430 1224 1477 1246 1336 1427 1666 1104 1618 1923 1625 1224 1158 1608 BCNSPRNW ULIB Ver.6.0+V

เปลี่ยนเป็นภาษาไทย

Change to English
 แสดงรายละเอียดบรรณานุกรม
  กลับหน้าหลัก

Brief Record : Get Marc (ISO 2709) : E-mail record : QR code < ปิดหน้าต่าง
LEADER : 00000nam 2200000uu 4500
001    13399121791
003     ULIB
008    121207s2555||||th 000 0 tha d
020    ^a9786167619354
060 04 ^aWT155^bณ329ท
100 0  ^aณัฎฐา อินทรวิรัตน์
245 10 ^aทำอย่างไรไม่ให้เป็นโรคอัลไซเมอร์ (รู้ก่อน ป้องกันก่อน) /^cณัฎฐา อินทรวิรัตน์
250    ^aพิมพ์ครั้งที่ 1
260    ^aกรุงเทพฯ :^bGood Choice publishing,^c2555
300    ^a0176 หน้า :^bภาพประกอบ ;^c21 ซม.
650  7 ^aโรคอัลไซเมอร์
650  7 ^aภาวะสมองเสื่อม
945    ^p155^l0^i033174
945    ^p155^l0^i033175
995    ^a เกษร
999    ^aใช้งานได้ทุกระบบ
รายการนี้ยังไม่มีแท็ก
คุณยังไม่ได้ล็อกอิน คุณสามารถมีกิจกรรมร่วมกับเว็บไซต์ได้ แต่ต้องล็อกอินก่อน ::
  ล็อกอิน

รายการสื่อสารสนเทศ

ลำดับที่ ประเภท เลขเรียก/บาร์โค้ด สถานที่ สถานะ
1. วิทยาศาสตร์การแพทย์ และสุขภาพ
หนังสือสำรอง
สถานะ=หนังสือสำรอง
WT155 ณ329ท ฉ.1 
  Barcode: 033174
ห้องสมุดวิทยาเขตสวรรค์ประชารักษ์
►หนังสือทั่วไป
บนชั้น
2. วิทยาศาสตร์การแพทย์ และสุขภาพ
วิทยาศาสตร์การแพทย์ และสุขภาพ
WT155 ณ329ท ฉ.2 
  Barcode: 033175
ห้องสมุดวิทยาเขตสวรรค์ประชารักษ์
►หนังสือทั่วไป
บนชั้น

รายการใกล้เคียง
    ผู้แต่ง [ณัฎฐา อินทรวิรัตน์]

    หัวเรื่อง [โรคอัลไซเมอร์]
    หัวเรื่อง [ภาวะสมองเสื่อม]

BibComment


ยังไม่เคยถูกคอมเมนท์

คอมเมนท์ทรัพยากรรายการนี้
  คอมเมนท์: ทำอย่างไรไม่ให้เ..


 Copyright 2026. Bcnsprnw @Library